| 000 | 00940nam a2200253 i 4500 | ||
|---|---|---|---|
| 001 | 179871 | ||
| 003 | ES-MaACL | ||
| 005 | 20251213063021.0 | ||
| 008 | 120215r20071953sp a |||| | spa d | ||
| 020 | _a978-84-487-2331-6 | ||
| 080 | _a087.5:82 | ||
| 100 | 1 |
_aCasas, Borita, _d1911-1999 _9149374 |
|
| 245 | 1 | 0 |
_aMás historias de Antoñita la fantástica / _cpor Borita Casas ; dibujos de Zaragüeta. |
| 260 |
_a[Barcelona] : _bAltaya, _c[2007] |
||
| 300 |
_a186 p. : _bil. ; _c23 cm. |
||
| 490 | 1 | _aLas lecturas de cuando éramos niñas | |
| 534 |
_pReproducción de la ed. de: _cMadrid : Gilsa, 1953. |
||
| 700 | 1 |
_aZaragüeta, Mariano. _9149375 |
|
| 830 | 0 |
_aLas lecturas de cuando éramos niñas _9191396 |
|
| 852 |
_aES-MaACL _9186772 _bR.148407 _jA-11971 _dOlim: N-4976 _zDonación: Pilar Fernández Vera _cDEPO1 |
||
| 903 |
_aFernández Vera, Pilar, _d1961- _ednr _949420 |
||
| 942 | _2udc | ||
| 999 |
_c179871 _d179871 |
||